Lý thuyết chuyển động bên trong đám cháy. /
Guardat en:
| Altres autors: | , , , , |
|---|---|
| Format: | Llibre |
| Idioma: | Vietnamese |
| Publicat: |
Liên Xô :
Lêningrat ,
1974
|
| Matèries: | |
| Etiquetes: |
Afegir etiqueta
Sense etiquetes, Sigues el primer a etiquetar aquest registre!
|
| Thư viện lưu trữ: | Thư viện Trường CĐ Kỹ Thuật Cao Thắng |
|---|
| LEADER | 00712nam a2200229 a 4500 | ||
|---|---|---|---|
| 001 | TVCDKTCT4232 | ||
| 003 | Thư viện trường Cao đẳng Kỹ thuật Cao Thắng | ||
| 005 | 20051128000000 | ||
| 008 | 051128 | ||
| 980 | \ | \ | |a Thư viện Trường CĐ Kỹ Thuật Cao Thắng |
| 024 | |a RG_1 #1 eb0 i1 | ||
| 041 | 0 | # | |a vie |
| 082 | # | # | |a 530 / |b C400T-t |
| 245 | 0 | 0 | |a Lý thuyết chuyển động bên trong đám cháy. / |c , ...[et al.] |
| 260 | # | # | |a Liên Xô : |b Lêningrat , |c 1974 |
| 300 | # | # | |a 550tr. ; |c 24cm |
| 650 | # | 4 | |a Vật lí |
| 700 | 0 | # | |a N.Kh Đlia tren kô |
| 700 | 0 | # | |a A.K Kôtrin |
| 700 | 0 | # | |a B.P Pugatrép |
| 700 | 0 | # | |a B.V Ruxi-nốp |
| 700 | 0 | # | |a G.V Menhicốp |